SoS Environment v Euston Centre Investments Ltd (Record no. 30208)
[ view plain ]
| 000 -LEADER | |
|---|---|
| fixed length control field | 01268cab a2200229 4500 |
| 001 - CONTROL NUMBER | |
| control field | ABS51871 |
| 008 - FIXED-LENGTH DATA ELEMENTS--GENERAL INFORMATION | |
| fixed length control field | 090401t1994 xxu||||| |||| 00| 0 eng d |
| 035 ## - SYSTEM CONTROL NUMBER | |
| System control number | (Sirsi) u48070 |
| 041 ## - LANGUAGE CODE | |
| Language code of text/sound track or separate title | eng |
| 245 ## - TITLE STATEMENT | |
| Title | SoS Environment v Euston Centre Investments Ltd |
| 260 ## - PUBLICATION, DISTRIBUTION, ETC. | |
| Date of publication, distribution, etc. | 1994 |
| 350 ## - PRICE (NR) (BK AM CF MU VM SE) [OBSOLETE] | |
| Price | 0 |
| 490 ## - SERIES STATEMENT | |
| Series statement | Estates Gazette |
| Volume/sequential designation | (1994) 48 EG 128-132(5) |
| 520 ## - SUMMARY, ETC. | |
| Summary, etc. | CA 24 June 1994. The arbitrator in rent review proceedings published his award accepting that asbestos in the premises should have been removed by the tenant (E). E issued an originating notice of motion and summons seeking leave to appeal under Arbitration Act 1979 s1. Possible transfer to ChD was left in abeyance for nine months and transferred in March 1993. In November the landlord (S) served a notice of motion to dismiss the application for leave to appeal for want of prosecution. ChD gave this judgment. E appealed, highlighting the requirements of "Birkett v James" and that the deputy judge wrongly exercised his discretion to strike out. Appeal allowed. |
| 650 ## - SUBJECT ADDED ENTRY--TOPICAL TERM | |
| Topical term or geographic name entry element | ARBITRATION ACT 1979 |
| 650 ## - SUBJECT ADDED ENTRY--TOPICAL TERM | |
| Topical term or geographic name entry element | BIRKETT V JAMES |
| 650 ## - SUBJECT ADDED ENTRY--TOPICAL TERM | |
| Topical term or geographic name entry element | RENT REVIEWS |
| 650 ## - SUBJECT ADDED ENTRY--TOPICAL TERM | |
| Topical term or geographic name entry element | SOS ENVIRONMENT V EUSTON CENTRE INVESTMENTS LTD |
| 690 ## - LOCAL SUBJECT ADDED ENTRY--TOPICAL TERM (OCLC, RLIN) | |
| Topical term or geographic name as entry element | ARBITRATION-CASE LAW |
| 942 ## - ADDED ENTRY ELEMENTS (KOHA) | |
| Suppress in OPAC | 0 |
| 948 ## - LOCAL PROCESSING INFORMATION (OCLC); SERIES PART DESIGNATOR (RLIN) | |
| c (OCLC) | 04/03/1997 |
| Withdrawn status | Lost status | Source of classification or shelving scheme | Damaged status | Not for loan | Home library | Current library | Shelving location | Date acquired | Total Checkouts | Full call number | Barcode | Date last seen | Copy number | Price effective from | Koha item type |
|---|---|---|---|---|---|---|---|---|---|---|---|---|---|---|---|
| Dewey Decimal Classification | London | London | Journal article | 14/09/1999 | ABS51871 | 48070-1001 | 06/08/2019 | 1 | 06/08/2019 | Law report |